000 00668nam a22002417a 4500
003 UA-OsUOA
001 31649
007 ta
008 20050110b un ||||| |||| 00| 0 ukr d
090 _a94(497.2)
_bО-72
942 _cBK
040 _aUA-OsUOA
_brus
_cUA-OsUOA
_dUA-OsUOA
245 _aОсвобождение Болгарии от Турецкого ига
_bДокументы в трех томах
_cРед. С. А.Никитин Д. К.Косев
300 _a644 с.
955 _a0
041 _arus
080 _a94(497.2)
260 _aМосква
_bНаука
_c1964
246 3 1 _aТ. 2
_n
044 _aRU
650 7 _2UDC
999 _c318078
_d318078